000 00769nam a2200229Ia 4500
003 OSt
005 20220903103113.0
008 210716s2001 xx 000 0 und d
020 _a9780072830170
040 _cAIMIT LIBRARY
041 _aeng
082 _a620.00151
_21
_bPALW
100 _aPalm III, William J.
_956457
245 _aMatlab 6.5 to accompany:
_bintroduction to matlab 6 for engineers /
_cBy William J Palm III.
250 _a1st ed.
260 _aNew York :
_bMc Graw Hill Higher Education ,
_c2001.
300 _a29p. ;
_c23 cm.
650 _aFunction handles and subfunctions
_956458
650 _aDynamic field names and new structure syntax
_956459
650 _aLogical arrays and programming
_956460
942 _2ddc
_cBK
_e1st
_k620.00151 PALW
999 _c186057
_d186057